Basic construction materials
For an undergraduate Construction materials course with a lab component taught in departments of Construction Management/Technology and Architecture. Offering an in-depth introduction to the real-world application of some of the most fundamental materials used in construction today, this informative...
Uloženo v:
| Hlavní autor: | |
|---|---|
| Médium: | Kniha |
| Jazyk: | Undetermined |
| Vydáno: |
New Jersey
Pearson
2005
|
| Témata: | |
| Tagy: |
Přidat tag
Žádné tagy, Buďte první, kdo otaguje tento záznam!
|
| Thư viện lưu trữ: | Trung tâm Học liệu Trường Đại học Cần Thơ |
|---|
| LEADER | 01079nam a2200205Ia 4500 | ||
|---|---|---|---|
| 001 | CTU_89071 | ||
| 008 | 210402s9999 xx 000 0 und d | ||
| 020 | |c 92.00 | ||
| 082 | |a 624.18 | ||
| 082 | |b M355 | ||
| 100 | |a Marotta, Theodore W. | ||
| 245 | 0 | |a Basic construction materials | |
| 245 | 0 | |c Theodore W. Marotta | |
| 260 | |a New Jersey | ||
| 260 | |b Pearson | ||
| 260 | |c 2005 | ||
| 520 | |a For an undergraduate Construction materials course with a lab component taught in departments of Construction Management/Technology and Architecture. Offering an in-depth introduction to the real-world application of some of the most fundamental materials used in construction today, this informative and practical text reflects the latest industry standards from ASTM and ACI, and fully prepares students for entry into the construction industry or for further study in construction methods, specification writing, design methods, or related engineering programs. | ||
| 650 | |a Building materials | ||
| 904 | |i Trúc | ||
| 980 | |a Trung tâm Học liệu Trường Đại học Cần Thơ | ||